| 000 | 00789nam a2200277 a 4500 | ||
|---|---|---|---|
| 001 | 32704 | ||
| 003 | BD-RjUL | ||
| 005 | 20211209051901.0 | ||
| 008 | 140428s1987 ii b 001 0 eng d | ||
| 035 | _a(BD-RjUL)32794 | ||
| 040 |
_aDLC _cDLC _dDLC _dBD-RjUL _beng |
||
| 041 | _aeng | ||
| 082 | 0 | 0 |
_a297 _220 _bKHA 1987 |
| 100 | 1 |
_aKhwaja, Jamal, _d1928- _999474 |
|
| 245 | 1 | 0 |
_aAuthenticity and Islamic liberalism / _cJamal Khwaja. |
| 260 |
_aNew Delhi : _bAllied Publishers, _c1987. |
||
| 300 |
_ax, 139 p. ; _c22 cm. |
||
| 500 | _aIncludes index. | ||
| 504 | _aBibliography: p. [103]-133. | ||
| 520 | _aWith special reference to India. | ||
| 650 | 0 |
_aIslam. _999475 |
|
| 650 | 0 |
_aIslam _zIndia. _999476 |
|
| 942 |
_2ddc _cBK |
||
| 999 |
_c32704 _d32704 |
||